000
00305nam a22001337a 4500
008
181031b xxu||||| |||| 00| 0 eng d
020
_a
9780070407268
041
_a
eng
080
_2
3rd
_a
710
100
_a
44
101
_a
ART
245
_a
The Humanities Through the Arts
_c
Hill,M.G
942
_2
udc
_c
BK
999
_c
51222
_d
51222